Alkotó fiatalok seregszemléje
Elmentve itt :
| Szerzők: | |
|---|---|
| Dokumentumtípus: | Cikk |
| Megjelent: |
1976-04-28
|
| Sorozat: | Délmagyarország
66 No. 100 |
| Kulcsszavak: | Bujdosó Erzsébet, Csányi Ferencné, Tóth Lászlóné, Paprikafeldolgozó Vállalat |
| Online Access: | http://dmarchiv.bibl.u-szeged.hu/92672 |
| LEADER | 00554nab a2200169 i 4500 | ||
|---|---|---|---|
| 001 | delm92672 | ||
| 005 | 20190506105944.0 | ||
| 008 | 190506s1976 hu o 0|| hun d | ||
| 040 | |a SZTE Délmagyarország Archívum |b hun | ||
| 041 | |a hun | ||
| 100 | 1 | |a Tandi Lajos | |
| 245 | 1 | 0 | |a Alkotó fiatalok seregszemléje |h [elektronikus dokumentum] / |c Tandi Lajos |
| 260 | |c 1976-04-28 | ||
| 300 | |a 5 | ||
| 490 | 0 | |a Délmagyarország |v 66 No. 100 | |
| 695 | |a Bujdosó Erzsébet, Csányi Ferencné, Tóth Lászlóné, Paprikafeldolgozó Vállalat | ||
| 700 | 0 | 2 | |a Ács S. Sándor |e aut |